| 000 | 00383cam a2200145ua 4500 | ||
|---|---|---|---|
| 041 |
_aeng _h |
||
| 082 |
_a616.9362 _bMAC/EP |
||
| 100 | _aMcDonald, George . | ||
| 245 |
_aEpidemology and control of malaria / _cGeorge McDonald. _hTextual Documents |
||
| 260 |
_aLondon : _bOxford University Press , _c1957. |
||
| 300 | _a252 ; . | ||
| 504 | _a | ||
| 942 | _cBK | ||
| 999 |
_c4594 _d4594 |
||